| 000 | 00396cam a2200157ua 4500 | ||
|---|---|---|---|
| 003 | OSt | ||
| 008 | 220629b |||||||| |||| 00| 0 eng d | ||
| 041 | _aeng | ||
| 082 |
_a028.70335 _bAGR/PU |
||
| 245 | _aPunjab Agricultural University Act and Statutes / | ||
| 250 | _a1 / | ||
| 260 |
_aPunjab : _bAgricultural university , _c1982. |
||
| 300 | _a189 ; . | ||
| 500 | _a**Reference | ||
| 942 | _cBK | ||
| 999 |
_c8156 _d8156 |
||